Paroles - Parachutiste - Maxime Le Forestier - Statistiques

Statistiques générales
  • Ce quiz a été pris 21 fois
  • Le résultat moyen est 17 sur 24
Statistiques - réponses
Paroles % Correct
Tu avais juste dix-huit ans quand on t'a mis un {béret} {rouge}
95%
C'est fini le travail d'{artiste}, Parachutiste
89%
C'est pas exprès que t'étais {fasciste}, Parachutiste
89%
Les {gens} {bien} et les terroristes, Parachutiste
84%
Le mot « {antimilitariste} », Parachutiste
79%
Puis on t'a donné des gallons, héros de toutes les {défaites}
79%
T'as rien perdu de ton talent, tu rates pas une {embuscade}
79%
Tu sais qu'il n'y a ici bas que {deux} {engeances}
79%
Alors de {combat} {en} {combat} s'est formée ton intelligence
74%
Alors sont venus les honneurs, {les} {décorations}, les médailles
74%
C'est peut-être pour ça que t'as les {yeux} {tristes}, Parachutiste
74%
Mais malheureusement pour toi, bientôt se finira {ta} {guerre}
74%
Tu {torturais} en spécialiste, Parachutiste
74%
C'est plus qu'un travail de nana de commander à ceux {qui} {savent} {lire}
68%
Mais si t'es vraiment trop gêné d'être payé à {ne} {rien} {faire}
68%
Pour chaque balle au fond d'{un} {cœur}, pour chaque entaille
68%
Pour toutes les {bonnes} {actions} que tu as faites
68%
Surtout que t'as appris {avec} {moi} ce que veut dire
68%
Je crois qu'on engage dans {la} {police}, Parachutiste
63%
Plus de tueries, {plus} {de} {combats}, que vas-tu faire ?
63%
Pour chaque {croix} {noire} sur ta liste, Parachutiste
63%
Quand on t'a dit « {Rentre} {dedans}, tout ce qui bouge »
63%
Tu peux toujours {te} {recycler} chez tes petits frères
58%
Mais comme on {tire} {plus} {vraiment}, tu trouves ça fade
53%
Aucun quiz correspondant
Distribution des résultats
% des personnes avec chaque résultat
Percentile par nombre de réponses
Votre historique - résultats
Vous n’avez pas pris ce quiz